| 000 | 00455nam a22001217a 4500 | ||
|---|---|---|---|
| 999 |
_c21291 _d21291 |
||
| 008 | 240904b ||||| |||| 00| 0 eng d | ||
| 100 |
_aOzo, Jr., Rolando Isabelo S. _eauthor. _960056 |
||
| 245 |
_aTime management / _cRolando Isabelo S. Ozo, Jr. |
||
| 260 |
_aPhilippines; _bPublishers Association of the Philippines, Inc., _cJune 2019. |
||
| 300 | _aVolume 168, pages 12-13. | ||
| 700 |
_aOzo, Jr., Rolando Isabelo S. _eauthor. _960056 |
||
| 942 |
_2ddc _cPER |
||